La pensee postmetaphysique : essais philosophiques
Αποθηκεύτηκε σε:
| Κύριος συγγραφέας: | |
|---|---|
| Άλλοι συγγραφείς: | |
| Μορφή: | Βιβλίο |
| Γλώσσα: | French German |
| Δημοσίευση: |
Paris :
Armand Colin,
1988.
|
| Σειρά: | Theories
|
| Θέματα: | |
| Ετικέτες: |
Προσθήκη ετικέτας
Δεν υπάρχουν, Καταχωρήστε ετικέτα πρώτοι!
|
MARC
| LEADER | 00000cam a2200000 i 4500 | ||
|---|---|---|---|
| 001 | 1/2961 | ||
| 008 | 960307s1988 fr | ||| |||| ||fre|| | ||
| 020 | |a 2200212542 | ||
| 035 | |l 10015050 | ||
| 040 | |a GR-MyUA |b gre |e AACR2 | ||
| 041 | 1 | |a fre |h ger | |
| 082 | 0 | |a 190 | |
| 100 | 1 | |a Habermas, Jürgen. | |
| 245 | 1 | 3 | |a La pensee postmetaphysique : |b essais philosophiques / |c Jurgen Habermas ; traduit de l'allemand par Rainer Rochlitz. |
| 260 | |a Paris : |b Armand Colin, |c 1988. | ||
| 300 | |a 286 σ. | ||
| 490 | 1 | |a (Theories) | |
| 500 | |a Τίτλος πρωτοτύπου: Nachmetaphysisches Denken. Philosophische aufsatze. | ||
| 504 | |a Περιέχει βιβλιογραφικές αναφορές και ευρετήριο. | ||
| 650 | 0 | 0 | |a Philosophy, Modern |y 20th century. |
| 650 | 0 | 0 | |a Civilization, Modern |x Philosophy. |
| 700 | 1 | |a Rochlitz, Rainer, |e trl | |
| 830 | 0 | |a Theories | |
| 852 | |a INST |b LESVOS |e 19960307 |h 190 HAB |p 005100007001 |q 005100007001 |t BK |y 0 | ||
| 909 | |a Λ |b 034884 | ||
| 922 | |a 1ΔΩΡ |b 199401 |c TKA | ||